| 000 | 00620nam a2200217 a 4500 | ||
|---|---|---|---|
| 005 | 20210223124850.0 | ||
| 008 | 030312s2001 mx r 000 0 spa d | ||
| 020 | _a8448131983 | ||
| 035 | _aUPN01000122795 | ||
| 049 | _aC | ||
| 050 | 4 |
_aKJA56 _bI3.3 |
|
| 100 | 1 | _aIglesias-Redondo, Juan | |
| 245 | 1 | 0 |
_aDiccionario de definiciones y reglas de derecho romano / _cJuan Iglesias-Redondo. |
| 250 | _aEd. bilingüe | ||
| 260 |
_aMadrid : _bMcGraw-Hill, _c2001. |
||
| 300 | _axii, 211 p. | ||
| 440 | 0 | _aCiencias jurídicas | |
| 650 | 4 |
_aDERECHO ROMANO - _vDICCIONARIOS _914085 |
|
| 902 | _a/mema/MITM | ||
| 905 | _aLibro | ||
| 999 |
_c94978 _d94978 |
||